000 00375nam a2200169Ia 4500
008 230524s9999 xx 000 0 und d
020 _a0074601385
082 _a535
_bGHA
100 _aAjoy Ghatak
245 0 _aOptics
250 _a2ND
260 _aNEW DELHI
_bTMH
_c2003
300 _aXVIII;694
500 _aQuantity Number: 15
650 _aPhysics
942 _cBK
999 _c19521
_d19521